000 00623nam a2200229 a 4500
001 12921
003 CO-ViMGA
008 141112s2004 ck r 000 u spa d
020 _a8474430461
040 _aCO-ViMGA
_bspa
_cCO-ViMGA
082 0 4 _a320.157 F68v
100 1 _aFoucault, Michel
245 1 0 _aLa Vida de los hombres infames :
_bEnsayos sobre desviación y dominación
260 _aMadrid :
_bPiqueta,
_c1990
300 _a314p.
490 _aGenealogía del poder
650 1 4 _aCONFERENCIAS
_98011
650 1 4 _aENSAYOS
650 1 4 _aPODER CIENCIAS
_918802
650 1 4 _aSOCIALES
_918803
942 _2ddc
_cBK
999 _c23822
_d23822